[Event "Mechanics' Summer TNM; 30/90, SD/30"]
[Site "San Francisco"]
[Date "2009.06.30"]
[Round "6.11"]
[White "Adkins, Rico"]
[Black "Andries, Craig"]
[Result "0-1"]
[WhiteElo "1694"]
[BlackElo "1866"]
[PlyCount "53"]
[EventDate "2009.??.??"]

1. Nf3 Nf6 2. c4 g6 3. g3 Bg7 4. Bg2 O-O 5. Nc3 d6 6. d3 c6 7. O-O Bg4 8. Rb1
Nbd7 9. b4 Bxf3 10. Bxf3 Ne5 11. Bg2 Nfd7 12. Qb3 e6 13. d4 Ng4 14. h3 Nh6 15.
e4 f5 16. b5 Nf7 17. Be3 e5 18. dxe5 Ndxe5 19. exf5 gxf5 20. f4 Ng6 21. bxc6
bxc6 22. Bxc6 Rc8 23. Bd5 Kh8 24. Bxa7 Qa5 25. Bf2 $4 (25. Nb5) 25... Bxc3 $4 (
25... Qxc3 $11) 26. Rfc1 (26. Bb6 $1) 26... Bg7 27. c5 {Black won in 56 moves.
The scoresheet starts to become unplayable at this point.} 0-1

[Event "Mechanics' Summer TNM; 30/90, SD/30"]
[Site "San Francisco"]
[Date "2009.06.02"]
[Round "2.28"]
[White "Adkins, Rico"]
[Black "Durig, Alex"]
[Result "1-0"]
[WhiteElo "1694"]
[BlackElo "1234"]
[PlyCount "81"]
[EventDate "2009.??.??"]

1. Nf3 c5 2. c4 Nf6 3. g3 d6 4. d4 cxd4 5. Nxd4 Bd7 6. Bg2 Qc7 7. Qb3 Nc6 8.
Nb5 Qb8 9. Bg5 a6 10. N5a3 Ng8 11. Nc3 h6 12. Be3 e6 13. O-O Nge7 14. g4 f5 15.
f3 g5 16. Qd1 Nb4 17. Qe1 d5 18. Bc5 a5 19. Qd2 Qc7 20. Bxe7 Bxe7 21. cxd5
O-O-O 22. Kh1 Bc6 23. Qe3 fxg4 24. dxc6 g3 25. Qxe6+ Kb8 26. cxb7 Rd6 27. Qh3
Rd2 28. Nab5 Qe5 29. Qxg3 Qxg3 30. hxg3 Rxb2 31. f4 Bf6 32. e4 gxf4 33. gxf4
Rg8 34. Bf3 Rg3 35. Ne2 Nd3 36. Nxg3 Rxb5 37. Rab1 Rc5 38. e5 Bh4 39. Nf5 Bd8
40. Rbd1 Rc3 41. Be4 1-0

[Event "Mechanics' Summer TNM; 30/90, SD/30"]
[Site "San Francisco"]
[Date "2009.06.16"]
[Round "4.24"]
[White "Adkins, Rico"]
[Black "Krawczyk, Steven"]
[Result "1-0"]
[WhiteElo "1694"]
[BlackElo "864"]
[PlyCount "59"]
[EventDate "2009.??.??"]

1. Nf3 Nf6 2. c4 c6 3. d4 g6 4. Nc3 Bg7 5. e4 Na6 6. Be2 d6 7. h3 O-O 8. Be3 b6
9. Qd2 c5 10. Bh6 cxd4 11. Nxd4 Bb7 12. Bxg7 Kxg7 13. f3 e5 14. Nc2 Qc7 15. Nb5
Qc6 16. Qxd6 Qxd6 17. Nxd6 Bc6 18. O-O-O Nc5 19. g4 Bxe4 20. fxe4 Nfxe4 21.
Nxe4 Nxe4 22. Bf3 Rac8 23. Bxe4 Rxc4 24. Bd5 Rc5 25. Rhf1 f5 26. gxf5 gxf5 27.
Rg1+ Kh6 28. Kb1 f4 29. Bf3 a5 30. Rd6+ 1-0

[Event "Mechanics' Summer TNM; 30/90, SD/30"]
[Site "San Francisco"]
[Date "2009.06.16"]
[Round "4.5"]
[White "Afkham-Ebrahimi, Payam"]
[Black "Argishti, Dante"]
[Result "0-1"]
[WhiteElo "1772"]
[BlackElo "2046"]
[PlyCount "44"]
[EventDate "2009.??.??"]

1. c4 e6 2. g3 d5 3. cxd5 exd5 4. Bg2 Nf6 5. Nf3 Bd6 6. Nc3 O-O 7. O-O c6 8. d4
Nbd7 9. Bg5 h6 10. Bd2 Re8 11. Rc1 Nb6 12. Qc2 Nc4 13. Nh4 Qb6 14. b3 Nxd2 15.
Qxd2 Bb4 16. e3 Ne4 17. Bxe4 Rxe4 18. Qe2 Bxc3 19. Rxc3 Qxd4 20. Qc2 Qf6 21. f3
Bh3 22. Rf2 Rxe3 0-1

[Event "Mechanics' Spring TNM; 30/90, SD/30"]
[Site "San Francisco"]
[Date "2009.04.28"]
[Round "7.13"]
[White "Afkham-Ebrahimi, Payam"]
[Black "Askin, David"]
[Result "1-0"]
[WhiteElo "1836"]
[BlackElo "1768"]
[PlyCount "53"]
[EventDate "2009.??.??"]

1. c4 Nf6 2. Nf3 e6 3. Nc3 d5 4. cxd5 exd5 5. d4 Be7 6. Qb3 O-O 7. Bg5 c6 8. e3
Qb6 9. Qc2 Bf5 10. Bd3 Bxd3 11. Qxd3 Nbd7 12. Ne5 Bd6 13. f4 Qxb2 14. O-O Qb6
15. Rf3 Qc7 16. Rh3 g6 17. Rf1 Ne8 18. Rff3 Bb4 19. Rh6 Bxc3 20. Rfh3 Ndf6 21.
Qxc3 Kg7 22. Qe1 Rh8 23. f5 Ne4 24. Bf4 g5 25. f6+ N8xf6 26. Rxf6 Kxf6 $4 (
26... Nxf6 27. Bxg5 Ne4 28. Bh6+ Kf6 29. Rf3+ Ke6 30. Rxf7) 27. Ng4+ 1-0

[Event "Mechanics' Fall TNM; 30/90, SD/30"]
[Site "San Francisco"]
[Date "2009.11.03"]
[Round "3.14"]
[White "Afkham-Ebrahimi, Payam"]
[Black "Askin, Michael"]
[Result "1-0"]
[WhiteElo "1913"]
[BlackElo "1699"]
[PlyCount "65"]
[EventDate "2009.??.??"]

1. e4 c6 2. Nf3 d5 3. exd5 cxd5 4. d3 Nf6 5. g3 Nc6 6. Bg2 Bg4 7. O-O e6 8. Bg5
Be7 9. Nbd2 O-O 10. Re1 Rc8 11. c3 h6 12. Bxf6 Bxf6 13. Qb3 Na5 14. Qa4 Bf5 15.
d4 a6 16. Bf1 b5 17. Qd1 Qb6 18. Ne5 Rfd8 19. Qh5 Rc7 20. g4 Bh7 21. f4 b4 22.
Ndf3 bxc3 23. bxc3 Bxe5 24. Nxe5 f6 25. Ng6 Rxc3 26. Rad1 Nc4 27. g5 fxg5 28.
fxg5 e5 29. Ne7+ Kf8 30. g6 Bg8 31. Bxc4 dxc4 32. Qxe5 Rd6 33. Qf5+ 1-0

[Event "Mechanics' Wilkerson Mem TNM; 30/90, SD"]
[Site "San Francisco"]
[Date "2009.09.08"]
[Round "6.10"]
[White "Afkham-Ebrahimi, Payam"]
[Black "Chen, Max"]
[Result "1-0"]
[WhiteElo "1838"]
[BlackElo "1586"]
[PlyCount "73"]
[EventDate "2009.??.??"]

1. e4 c5 2. Nf3 Nc6 3. d3 g6 4. g3 Bg7 5. Bg2 e6 6. O-O Nge7 7. Nbd2 O-O 8. Re1
d6 9. a4 Bd7 10. Nc4 d5 11. Nd6 Qb8 12. Nb5 Nb4 13. exd5 Nexd5 14. c4 Bxb5 15.
axb5 Ne7 16. Bf4 Qd8 17. Ne5 Qb6 18. Nd7 Qd8 19. Nxf8 Nxd3 20. Bxb7 Nxe1 21.
Qxe1 Qxf8 22. Bxa8 Qxa8 23. Bd6 Nc8 24. Bxc5 Bxb2 25. Ra2 Bg7 26. Qe3 Qb7 27.
Bxa7 Nxa7 28. Rxa7 Qc8 29. Qa3 Bf8 30. Ra8 Bxa3 31. Rxc8+ Kg7 32. c5 Kf6 33. b6
Bb2 34. b7 Be5 35. f4 Bd4+ 36. Kg2 h5 37. b8=Q 1-0

[Event "Mechanics' Spring TNM; 30/90, SD/30"]
[Site "San Francisco"]
[Date "2009.04.14"]
[Round "5.18"]
[White "Afkham-Ebrahimi, Payam"]
[Black "Cole, Tony"]
[Result "1-0"]
[WhiteElo "1836"]
[BlackElo "1413"]
[PlyCount "87"]
[EventDate "2009.??.??"]

1. c4 d5 2. cxd5 Qxd5 3. Nc3 Qa5 4. g3 Nc6 5. Bg2 Bd7 6. Nf3 Nf6 7. O-O O-O-O
8. d4 Bg4 9. e3 e5 10. Qc2 Nb4 11. Qb3 e4 12. Ne5 Be6 13. Qd1 Bd6 14. f4 exf3
15. Nxf3 Bg4 16. a3 g5 17. Bd2 Nbd5 18. Qb3 Qb6 19. Qxb6 Nxb6 20. Nxg5 Rdf8 21.
Rxf6 Be7 22. Rf4 Nc4 23. Bc1 f5 24. Nh3 Bd6 25. Rf1 h5 26. b3 Nb6 27. Nb5 Be7
28. Nf4 a6 29. Nc3 Rh7 30. h3 Bxh3 31. Bxh3 h4 32. Ng6 Rg8 33. Nxe7+ Rxe7 34.
Bxf5+ Kb8 35. g4 h3 36. e4 Rh8 37. Bf4 Nd7 38. Nd5 Rf7 39. Nxc7 Ka7 40. e5 Nb8
41. e6 Re7 42. d5 Kb6 43. Rac1 a5 44. Be3# 1-0

[Event "Mechanics' Summer TNM; 30/90, SD/30"]
[Site "San Francisco"]
[Date "2009.06.02"]
[Round "2.10"]
[White "Afkham-Ebrahimi, Payam"]
[Black "Goins, Demetrius"]
[Result "1-0"]
[WhiteElo "1772"]
[BlackElo "2001"]
[PlyCount "183"]
[EventDate "2009.??.??"]

1. e4 e6 2. d4 d5 3. exd5 exd5 4. Bd3 Nf6 5. Bg5 Be7 6. Nf3 Bg4 7. Nbd2 Nbd7 8.
c3 O-O 9. O-O c6 10. Qc2 h6 11. Bf4 Nh5 12. Bg3 Nxg3 13. fxg3 Qc7 14. Rae1 Rae8
15. Rf2 Bd6 16. Bh7+ Kh8 17. Rxe8 Rxe8 18. Bf5 Nf6 19. Qd3 Qe7 20. Rf1 Bxf5 21.
Qxf5 g6 22. Qh3 Kg7 23. Re1 Ne4 24. Nxe4 dxe4 25. Re3 f5 26. Nd2 h5 27. Qh4
Qxh4 28. gxh4 Bf4 29. Re2 Rd8 30. Nb3 b6 31. g3 Bc7 32. Kf2 a5 33. a4 Kf6 34.
Ke3 Ke6 35. c4 c5 36. d5+ Kf6 37. Nc1 Be5 38. b3 Bd4+ 39. Kd2 Rg8 40. Rg2 g5
41. hxg5+ Rxg5 42. h4 Rg4 43. Ne2 Be5 44. Ke3 Ke7 45. Rg1 Kf6 46. Rg2 Ke7 47.
Rg1 Kf6 48. Rd1 Bxg3 49. d6 Rg8 50. Rg1 f4+ 51. Kxe4 Re8+ 52. Kd3 Rd8 53. Nxg3
Rxd6+ 54. Ke2 fxg3 55. Rxg3 Rd4 56. Rf3+ Kg6 57. Rg3+ Kf5 58. Rg5+ Kf6 59. Rxh5
Kg7 60. Ke3 Rd1 61. Rd5 Rh1 62. Rd7+ Kh8 63. Kd2 Rxh4 64. Rd6 Kg7 65. Rxb6 Kf7
66. Rb5 Rh5 67. Rxa5 Ke7 68. Rb5 Kd6 69. a5 Kc6 70. Kc3 Rh3+ 71. Kb2 Rh8 72.
Ka3 Rh1 73. Rb6+ Kc7 74. Ka4 Ra1+ 75. Kb5 Ra3 76. Kxc5 Rxa5+ 77. Rb5 Ra3 78.
Rb4 Ra5+ 79. Rb5 Ra3 80. Kd5 Ra1 81. Rb4 Rd1+ 82. Kc5 Rd3 83. Rb5 Rd1 84. Ra5
Kb7 85. Ra2 Rd3 86. b4 Rd1 87. b5 Rd3 88. b6 Kb8 89. Kc6 Rd4 90. c5 Rd3 91. Rh2
Rd8 92. Rh7 1-0

[Event "Mechanics' Spring TNM; 30/90, SD/30"]
[Site "San Francisco"]
[Date "2009.03.24"]
[Round "2.3"]
[White "Afkham-Ebrahimi, Payam"]
[Black "Margulis, Igor"]
[Result "0-1"]
[WhiteElo "1836"]
[BlackElo "2112"]
[PlyCount "62"]
[EventDate "2009.??.??"]

1. d4 g6 2. c4 Bg7 3. f4 f5 4. Nc3 c5 5. d5 Bxc3+ 6. bxc3 Qa5 7. Bb2 Nf6 8. Nf3
d6 9. e3 Nbd7 10. Bd3 Nb6 11. O-O Bd7 12. Nd2 Na4 13. Qc2 O-O-O 14. Nb3 Qc7 15.
Rfb1 Rde8 16. Bc1 e6 17. dxe6 Rxe6 18. Bd2 Rhe8 19. h3 Bc6 20. Nc1 Qe7 21. Rb5
Bxb5 22. cxb5 Nb6 23. c4 Rxe3 24. Bxe3 Qxe3+ 25. Qf2 d5 26. cxd5 Nfxd5 27. Qxe3
Rxe3 28. Kf2 c4 29. Be2 Ra3 30. g3 Nc3 31. Bf1 Ne4+ 0-1

[Event "Mechanics' Fall TNM; 30/90, SD/30"]
[Site "San Francisco"]
[Date "2009.10.20"]
[Round "1.19"]
[White "Afkham-Ebrahimi, Payam"]
[Black "Morgan, Jerry"]
[Result "1-0"]
[WhiteElo "1913"]
[BlackElo "1481"]
[PlyCount "53"]
[EventDate "2009.??.??"]

1. e4 c6 2. Nc3 d5 3. d4 dxe4 4. Nxe4 Bf5 5. Ng3 Bg6 6. h4 h6 7. Nf3 Nd7 8. h5
Bh7 9. Bd3 Bxd3 10. Qxd3 e6 11. Bf4 Qa5+ 12. c3 Ngf6 13. b4 Qd8 14. O-O Nb6 15.
Ne5 Nbd5 16. Bd2 Qc7 17. Ne4 Bd6 18. Nxd6+ Qxd6 19. c4 Ne7 20. c5 Qd5 21. -- b6
22. cxb6 axb6 23. a4 Nf5 24. Rfe1 O-O 25. Bc3 Nh4 26. Re4 Nxg2 27. Rg4 1-0

[Event "Mechanics' Fall TNM; 30/90, SD/30"]
[Site "San Francisco"]
[Date "2009.11.10"]
[Round "4.17"]
[White "Afkham-Ebrahimi, Payam"]
[Black "Nelson, Christopher"]
[Result "1-0"]
[WhiteElo "1913"]
[BlackElo "1588"]
[PlyCount "89"]
[EventDate "2009.??.??"]

1. c4 f5 2. Nf3 Nf6 3. Nc3 e6 4. g3 Bb4 5. Bg2 Nc6 6. O-O O-O 7. a3 Bxc3 8.
bxc3 d6 9. d4 Qe8 10. d5 exd5 11. cxd5 Ne5 12. Nd4 Qf7 13. Qb3 Ne4 14. Rb1 a5
15. Ne6 Re8 16. Ng5 Nxg5 17. Bxg5 Qh5 18. Bf4 Ng4 19. h3 Nf6 20. Qc4 Qf7 21.
Rfe1 b5 22. Qxb5 Ba6 23. Qc6 Ne4 24. Bxe4 fxe4 25. c4 Rf8 26. Be3 Qf5 27. Kg2
Qc8 28. Red1 h5 29. Rd4 Qf5 30. Qxc7 Qg6 31. Qe7 Rae8 32. Qh4 Re5 33. Rb6 Bc8
34. Bf4 Bxh3+ 35. Kxh3 Qf5+ 36. Kg2 e3 37. fxe3 Rxe3 38. Rb2 Rxa3 39. e4 Qd7
40. Qxh5 Qa7 41. Qd1 Qd7 42. Rd3 Rxd3 43. Qxd3 Qg4 44. Bxd6 Rd8 45. Rb8 1-0

[Event "Mechanics' Wilkerson Mem TNM; 30/90, SD"]
[Site "San Francisco"]
[Date "2009.09.22"]
[Round "8.8"]
[White "Afkham-Ebrahimi, Payam"]
[Black "Todortsev, Victor"]
[Result "0-1"]
[WhiteElo "1838"]
[BlackElo "1945"]
[PlyCount "109"]
[EventDate "2009.??.??"]

1. e4 c5 2. Nf3 Nc6 3. d3 g6 4. g3 Bg7 5. Bg2 Nf6 6. O-O O-O 7. Nbd2 e6 8. Re1
d5 9. h3 b6 10. c4 Nb4 11. e5 Nd7 12. Nf1 Bb7 13. Bg5 Qc7 14. Be7 Nxe5 15. Bxf8
Rxf8 16. Nxe5 Bxe5 17. Qe2 Bg7 18. Rad1 Nc6 19. Nh2 Nd4 20. Qd2 Rd8 21. Qg5 h6
22. Qc1 Kh7 23. b3 h5 24. Nf3 Bc6 25. Ng5+ Kg8 26. h4 Nf5 27. Nf3 Nh6 28. d4
dxc4 29. Qxc4 Bxf3 30. Bxf3 Bxd4 31. Kg2 Nf5 32. Qc2 e5 33. Be4 Ne7 34. Kh2 f5
35. Bg2 e4 36. Bf1 Kg7 37. Bc4 Nc6 38. Rf1 Ne5 39. Be2 Qe7 40. Qc1 b5 41. Bxb5
Nf3+ 42. Kg2 Qb7 43. Be2 Ne5 44. Kh2 Rf8 45. Qf4 Nf7 46. Qd2 Re8 47. Qc1 Qb8
48. Qc4 Qe5 49. b4 Nd6 50. Qb3 Rb8 51. a3 a5 52. b5 f4 53. a4 e3 54. f3 fxg3+
55. Kg2 0-1

[Event "Mechanics' Summer TNM; 30/90, SD/30"]
[Site "San Francisco"]
[Date "2009.07.07"]
[Round "7.13"]
[White "Afkham-Ebrahimi, Payam"]
[Black "Todortsev, Victor"]
[Result "0-1"]
[WhiteElo "1772"]
[BlackElo "1936"]
[PlyCount "54"]
[EventDate "2009.??.??"]

1. c4 c5 2. g3 Nc6 3. Bg2 Nf6 4. Nc3 e6 5. d3 d5 6. Bg5 d4 7. Ne4 Be7 8. Bd2
O-O 9. h4 Ng4 10. Nh3 h6 11. Bc1 e5 12. O-O Be6 13. f3 Ne3 14. Bxe3 dxe3 15. f4
Bg4 16. Kh2 Nd4 17. Nc3 Qd6 18. Rc1 Rad8 19. fxe5 Qxe5 20. Rf4 f5 21. Ng1 Bxh4
22. Bd5+ Kh8 23. Nf3 Bxg3+ 24. Kxg3 Bxf3 25. Bxf3 g5 26. Qh1 Qxf4+ 27. Kg2 Rd6
0-1

[Event "Mechanics' Fall TNM; 30/90, SD/30"]
[Site "San Francisco"]
[Date "2009.12.01"]
[Round "7.4"]
[White "Afkham-Ebrahimi, Payam"]
[Black "Traub, Igor"]
[Result "0-1"]
[WhiteElo "1913"]
[BlackElo "2074"]
[PlyCount "48"]
[EventDate "2009.??.??"]

1. c4 g6 2. Nc3 Bg7 3. d4 d6 4. e4 Nd7 5. f4 c5 6. d5 Nh6 7. Nf3 a6 8. Bd3 O-O
9. O-O e6 10. Qe1 exd5 11. Nxd5 f5 12. exf5 Nxf5 13. Bxf5 gxf5 14. Qe6+ Kh8 15.
Qxd6 Nf6 16. Qxc5 Ne4 17. Qe3 (17. Qb6 $1) 17... Be6 18. Nb6 (18. Rd1) 18...
Rb8 19. Ne5 Qd6 20. b3 Bxe5 21. fxe5 Qxe5 22. Ba3 (22. Na4 $1) (22. Rb1 $1)
22... f4 23. Bb2 $4 (23. Qd3 Rbd8 24. Nd5 Bxd5 25. Bxf8) 23... Qxb2 24. Qxe4 f3
0-1

[Event "Mechanics' Wilkerson Mem TNM; 30/90, SD"]
[Site "San Francisco"]
[Date "2009.08.11"]
[Round "2.12"]
[White "Afkham-Ebrahimi, Payam"]
[Black "Zhang, Jeffrey"]
[Result "1-0"]
[WhiteElo "1838"]
[BlackElo "1491"]
[PlyCount "79"]
[EventDate "2009.??.??"]

1. c4 e6 2. g3 Nf6 3. Nc3 d5 4. cxd5 exd5 5. d4 Be7 6. Bg2 c6 7. Nf3 O-O 8. O-O
Nbd7 9. a4 Re8 10. Qc2 Nf8 11. Ne5 Bd6 12. f4 N8d7 13. e4 Qb6 14. Be3 Nxe5 15.
fxe5 Bxe5 16. a5 Qc7 17. dxe5 Qxe5 18. Kh1 d4 19. Bf4 Qc5 20. e5 Nd7 21. e6
fxe6 22. Be4 Nf6 {draw offer} 23. Nd1 Qxc2 24. Bxc2 e5 25. Bg5 Nd5 26. Nf2 h6
27. Bd2 Nf6 28. Ne4 Nxe4 29. Bxe4 Bd7 30. Bb4 b6 {draw offer} 31. Bg6 Rec8 32.
Bd6 c5 33. Bxe5 Be8 {draw offer} 34. Bf5 Rd8 35. Be4 Rac8 36. axb6 axb6 37. Ra7
Rd7 38. Bd5+ Rxd5 {draw offer} 39. Rxg7+ Kh8 40. Rf8# 1-0

[Event "Mechanics' Spring TNM; 30/90, SD/30"]
[Site "San Francisco"]
[Date "2009.04.21"]
[Round "6.14"]
[White "Allen, Tom"]
[Black "Afkham-Ebrahimi, Payam"]
[Result "0-1"]
[WhiteElo "1570"]
[BlackElo "1836"]
[PlyCount "32"]
[EventDate "2009.??.??"]

1. e4 c6 2. d4 d5 3. exd5 cxd5 4. c4 Nf6 5. Nf3 Nc6 6. Nc3 Bg4 7. cxd5 Nxd5 8.
Nxd5 Qxd5 9. Be2 e6 10. O-O Bd6 11. Be3 O-O 12. h3 Bh5 13. b3 Rfd8 14. g4 Bg6
15. Nh4 Bc7 16. Bf3 Qd6 0-1

[Event "Mechanics' Fall TNM; 30/90, SD/30"]
[Site "San Francisco"]
[Date "2009.11.17"]
[Round "5.25"]
[White "Allen, Tom"]
[Black "Barrow, Lyle"]
[Result "1/2-1/2"]
[WhiteElo "1550"]
[BlackElo "1486"]
[PlyCount "99"]
[EventDate "2009.??.??"]

1. e4 e6 2. Nf3 d5 3. e5 c5 4. Bb5+ Bd7 5. Bxd7+ Qxd7 6. d4 Nc6 7. c3 Nh6 8.
O-O cxd4 9. cxd4 Bb4 10. a3 Ba5 11. b4 Bb6 12. Nc3 Nf5 13. Ne2 a6 14. Bb2 O-O
15. Qd2 Rac8 16. Qd3 h6 17. b5 axb5 18. Qxb5 Ba7 19. a4 Rfd8 20. Rfc1 Rc7 21.
a5 Nxe5 22. Qxd7 Nxf3+ 23. gxf3 Rdxd7 24. Kf1 Nd6 25. a6 Nc4 26. Bc3 bxa6 27.
Rxa6 Rb7 28. Rca1 Bb6 29. Nc1 Ra7 30. Nd3 Rxa6 31. Rxa6 Ra7 32. Rxa7 Bxa7 33.
Bb4 Bxd4 34. f4 g6 35. Ke2 Bg7 36. Be7 Bf8 37. Bd8 Bd6 38. Bf6 Kf8 39. h3 Be7
40. Bd4 Nd6 41. Ne5 Nf5 42. Nd7+ Ke8 43. Nf6+ Bxf6 44. Bxf6 Kd7 45. Kd3 Kc6 46.
Bb2 Kb5 47. Be5 Kc5 48. Bf6 d4 49. Be5 Kd5 50. Bf6 1/2-1/2

[Event "Mechanics' Summer TNM; 30/90, SD/30"]
[Site "San Francisco"]
[Date "2009.07.07"]
[Round "7.21"]
[White "Allen, Tom"]
[Black "Campers, Willie"]
[Result "0-1"]
[WhiteElo "1573"]
[BlackElo "1816"]
[PlyCount "110"]
[EventDate "2009.??.??"]

1. e4 e6 2. d4 d5 3. Nd2 Be7 4. Bd3 c5 5. c3 Nh6 6. dxc5 Bxc5 7. Nb3 Bf8 8. Nf3
g6 9. O-O Bg7 10. Nc5 O-O 11. exd5 exd5 12. Bc2 b6 13. Nd3 Bb7 14. Nde5 Nc6 15.
Bxh6 Bxh6 16. Ng4 Bg7 17. Re1 d4 18. cxd4 Nxd4 19. Nxd4 Bxd4 20. Rb1 Rc8 21.
Re2 Bg7 22. Rd2 Qg5 23. f3 h5 24. Nf2 Be5 25. Be4 Bxe4 26. Nxe4 Qf4 27. g3 Qe3+
28. Kg2 h4 29. Rd3 Qh6 30. f4 h3+ 31. Kg1 Bg7 32. Rd2 Rfe8 33. Nf2 Bf8 34. Ng4
Bc5+ 35. Kf1 Qg7 36. Qb3 Rcd8 37. Rbd1 Rxd2 38. Rxd2 Qf8 39. Nf6+ Kg7 40. Nxe8+
Qxe8 41. Qc3+ Kg8 42. b4 Bf8 43. a3 Qe4 44. Rf2 Qh1+ 45. Ke2 Qe4+ 46. Qe3 Qc4+
47. Kd1 Qd5+ 48. Rd2 Qh1+ 49. Kc2 Qa1 50. Qb3 Qe1 51. Qd5 Qa1 52. Kb3 a5 53.
Qd8 axb4 54. axb4 Qb1+ 55. Ka4 Qxb4# 0-1

[Event "Mechanics' Winter TNM; 30/90, SD/30"]
[Site "San Francisco"]
[Date "2009.02.17"]
[Round "7.26"]
[White "Allen, Tom"]
[Black "Capdeville, Barry"]
[Result "1-0"]
[WhiteElo "1539"]
[BlackElo "1253"]
[PlyCount "35"]
[EventDate "2009.??.??"]

1. e4 c5 2. b4 cxb4 3. a3 d5 4. exd5 Qxd5 5. Nf3 e5 6. axb4 Bxb4 7. Na3 Bd7 8.
Bc4 Qc5 9. c3 Bxa3 10. Bxf7+ Kd8 11. Bxa3 Qc7 12. O-O Bb5 13. c4 Bxc4 14. Bxc4
Qxc4 15. Nxe5 Qc7 16. d4 Nc6 17. Rc1 Qa5 18. Nf7+ 1-0

[Event "Mechanics' Wilkerson Mem TNM; 30/90, SD"]
[Site "San Francisco"]
[Date "2009.09.22"]
[Round "8.21"]
[White "Allen, Tom"]
[Black "Durig, Alex"]
[Result "1-0"]
[WhiteElo "1526"]
[BlackElo "1234"]
[PlyCount "63"]
[EventDate "2009.??.??"]

1. e4 c5 2. d4 cxd4 3. c3 dxc3 4. Nxc3 e5 5. Nf3 Nc6 6. Bc4 Nf6 7. O-O Bb4 8.
Nd5 Nxe4 9. Nxb4 Nxb4 10. Bxf7+ Kxf7 11. Qb3+ d5 12. Qxb4 Re8 13. b3 b6 14. Re1
a5 15. Qa3 Bb7 16. Qb2 d4 17. Rxe4 Bxe4 18. Ng5+ Kg8 19. Nxe4 h6 20. Qe2 Rc8
21. Ba3 Re6 22. Qd3 Rec6 23. h3 Qd7 24. Qg3 Qf5 25. Nd6 Rxd6 26. Bxd6 d3 27.
Qxe5 Qxe5 28. Bxe5 Re8 29. Bc3 Re2 30. Rd1 Rxa2 31. Rxd3 Rb2 32. Bxb2 1-0

[Event "Mechanics' Spring TNM; 30/90, SD/30"]
[Site "San Francisco"]
[Date "2009.03.31"]
[Round "3.27"]
[White "Allen, Tom"]
[Black "Frank, Robert"]
[Result "1-0"]
[WhiteElo "1570"]
[BlackElo "1296"]
[PlyCount "53"]
[EventDate "2009.??.??"]

1. e4 e5 2. Nf3 Nf6 3. Nxe5 Qe7 4. d4 d6 5. Nf3 Nxe4 6. Be2 Bg4 7. O-O Nd7 8.
Re1 O-O-O 9. Bd3 d5 10. Bg5 f6 11. Bf4 g5 12. Bg3 h5 13. h3 Bf5 14. Nbd2 Qh7
15. Nf1 g4 16. Nh4 gxh3 17. Nxf5 Qxf5 18. f3 hxg2 19. Kxg2 h4 20. fxe4 dxe4 21.
Bxe4 Qg5 22. Qf3 hxg3 23. Bxb7+ Kb8 24. Ba8 Qb5 25. Bc6 Qb6 26. Bxd7 Rxd7 27.
Re8+ 1-0

[Event "Mechanics' Winter TNM; 30/90, SD/30"]
[Site "San Francisco"]
[Date "2009.01.13"]
[Round "2.26"]
[White "Allen, Tom"]
[Black "Frank, Robert"]
[Result "1-0"]
[WhiteElo "1539"]
[BlackElo "1247"]
[PlyCount "43"]
[EventDate "2009.??.??"]

1. e4 e5 2. Nf3 Nf6 3. Nxe5 Qe7 4. d4 d6 5. Nf3 Nxe4 6. Be3 Bg4 7. h3 Bh5 8.
Bd3 d5 9. g4 Bg6 10. c4 dxc4 11. Bxc4 Qb4+ 12. Nbd2 Nxd2 13. Nxd2 Be4 14. a3
Qe7 15. Nxe4 Qxe4 16. Rg1 Qe7 17. Qb3 c6 18. O-O-O Qc7 19. Rge1 Bd6 20. Bf4+
Kf8 21. Bxd6+ Qxd6 22. Qxb7 1-0

[Event "Mechanics' Fall TNM; 30/90, SD/30"]
[Site "San Francisco"]
[Date "2009.10.27"]
[Round "2.21"]
[White "Allen, Tom"]
[Black "Kleiman, Charles"]
[Result "0-1"]
[WhiteElo "1550"]
[BlackElo "1737"]
[PlyCount "115"]
[EventDate "2009.??.??"]

1. e4 d5 2. exd5 Qxd5 3. Nc3 Qa5 4. Nf3 Bf5 5. b4 Qb6 6. Be2 e6 7. d4 Nf6 8.
Bd2 c6 9. O-O Bd6 10. Na4 Qc7 11. c4 O-O 12. c5 Be7 13. Nc3 Nbd7 14. Re1 Nd5
15. Nxd5 exd5 16. Bd3 Bxd3 17. Rxe7 Bf5 18. Bg5 Be4 19. Ne5 Rae8 20. -- Rxe7
21. Bxe7 Re8 22. Bd6 Qd8 23. Qh5 Nxe5 24. Bxe5 f6 25. Bd6 Bg6 26. Qg4 Re4 27.
Qd1 Qe8 28. Kf1 Qe6 29. Qd2 Qg4 30. Rd1 Bh5 31. f3 Qf5 32. Qf2 Re8 33. g4 Bxg4
34. fxg4 Qxg4 35. Re1 Re4 36. Rxe4 Qxe4 37. a4 Kf7 38. Qe1 Ke6 39. Kf2 Kf5 40.
Qe3 Qxe3+ 41. Kxe3 Kg4 42. b5 g5 43. Kf2 f5 44. Kg2 f4 45. Bc7 Kf5 46. Bb8 a6
47. b6 Ke4 48. Be5 h5 49. Kf2 g4 50. Bf6 Kd3 51. Be5 f3 52. Bf6 -- 53. Bg5 Kc4
54. -- Kxd4 55. Be3+ Kc4 56. Kg3 d4 57. Bf2 d3 58. Be3 0-1

[Event "Mechanics' Wilkerson Mem TNM; 30/90, SD"]
[Site "San Francisco"]
[Date "2009.08.11"]
[Round "2.20"]
[White "Allen, Tom"]
[Black "Lin, Aung Tun"]
[Result "1-0"]
[WhiteElo "1526"]
[BlackElo "1744"]
[PlyCount "43"]
[EventDate "2009.??.??"]

1. e4 c5 2. d4 cxd4 3. c3 dxc3 4. Nxc3 Nc6 5. Nf3 d6 6. Bc4 e6 7. O-O Be7 8.
Qe2 a6 9. Rd1 Qc7 10. Bf4 Na5 11. Bd3 Nf6 12. Rac1 Nc6 13. e5 dxe5 14. Nxe5
Nxe5 15. Nd5 Qxc1 16. Rxc1 Nxd3 17. Nc7+ Kf8 18. Qxd3 Nd5 19. Nxa8 Bd7 20. Bd2
Bc6 21. Rxc6 bxc6 22. Qxa6 1-0

[Event "Mechanics' Wilkerson Mem TNM; 30/90, SD"]
[Site "San Francisco"]
[Date "2009.08.25"]
[Round "4.20"]
[White "Allen, Tom"]
[Black "MacIntyre, Brendan"]
[Result "0-1"]
[WhiteElo "1526"]
[BlackElo "1703"]
[PlyCount "54"]
[EventDate "2009.??.??"]

1. e4 c5 2. d4 cxd4 3. c3 dxc3 4. Nxc3 Nc6 5. Nf3 g6 6. Bc4 d6 7. O-O Bg7 8.
Qe2 Nf6 9. Rd1 O-O 10. e5 Ne8 11. e6 fxe6 12. Bxe6+ Bxe6 13. Qxe6+ Kh8 14. Ng5
Ne5 15. Qh3 Nf6 16. Ne6 Qb6 17. Nxg7 Nfg4 18. Be3 Nxe3 19. fxe3 Kxg7 20. Nd5
Qxb2 21. Qh4 Nd3 22. Qd4+ Qxd4 23. exd4 Nf4 24. Nc7 Rac8 25. Rac1 Ne2+ 26. Kh1
Nxc1 27. Rxc1 Rxc7 0-1

[Event "Mechanics' Winter TNM; 30/90, SD/30"]
[Site "San Francisco"]
[Date "2009.01.27"]
[Round "4.18"]
[White "Allen, Tom"]
[Black "Matz, James"]
[Result "0-1"]
[WhiteElo "1539"]
[BlackElo "1746"]
[PlyCount "82"]
[EventDate "2009.??.??"]

1. e4 c5 2. b4 b6 3. bxc5 bxc5 4. Nf3 Nc6 5. Bc4 d6 6. O-O e6 7. Bb2 e5 8. d3
Be7 9. h3 Be6 10. Bxe6 fxe6 11. Nbd2 Nh6 12. Nc4 Nf7 13. c3 Rb8 14. Qa4 Qd7 15.
Rfb1 O-O 16. d4 exd4 17. cxd4 Qc7 18. dxc5 dxc5 19. e5 Nb4 20. Rd1 Rbd8 21. a3
Nd5 22. Qc2 Nh6 23. Bc1 Nf5 24. Bg5 Bxg5 25. Nxg5 Qe7 26. Nxh7 Kxh7 27. g4 Kg8
28. gxf5 Qg5+ 29. Kh2 Rxf5 30. Rg1 Qf4+ 31. Rg3 Qxf2+ 32. Qxf2 Rxf2+ 33. Kh1
Ne7 34. Nd6 Nf5 35. Nxf5 Rxf5 36. Rag1 Rd7 37. Re1 Rf2 38. Kg1 Rdd2 39. Rc1
Rfe2 40. Rg5 Rd5 41. Rb1 Kh7 0-1